Catálogo

Ortodoncia contemporánea / (Registro nro. 29845)

Detalles MARC
000 -LEADER
fixed length control field 01555cam a2200373 i 4500
001 - CONTROL NUMBER
control field 29845
003 - CONTROL NUMBER IDENTIFIER
control field Mx-PuUPA
005 - DATE AND TIME OF LATEST TRANSACTION
control field 20260420140634.0
008 - FIXED-LENGTH DATA ELEMENTS--GENERAL INFORMATION
fixed length control field 140415s2014 sp ado fr 001 0 spa d
017 ## - COPYRIGHT OR LEGAL DEPOSIT NUMBER
Copyright or legal deposit number B. 18.770-2013
020 ## - INTERNATIONAL STANDARD BOOK NUMBER
International Standard Book Number 9788490223147
Qualifying information empastado
040 ## - CATALOGING SOURCE
Original cataloging agency Mx-PuUPA
Language of cataloging spa
Transcribing agency Mx-PuUPA
Modifying agency Mx-PuUPA
Description conventions rda
041 1# - LANGUAGE CODE
Language code of text/sound track or separate title spa
Language code of original eng
130 0# - MAIN ENTRY--UNIFORM TITLE
Uniform title Contemporary orthodontics.
245 10 - TITLE STATEMENT
Title Ortodoncia contemporánea /
Statement of responsibility, etc. William R. Proffit, Henry W. Fields, David M. Sarver, James L. Ackerman
250 ## - EDITION STATEMENT
Edition statement Quinta edición
264 #1 - PRODUCTION, PUBLICATION, DISTRIBUTION, MANUFACTURE, AND COPYRIGHT NOTICE
Place of production, publication, distribution, manufacture Barcelona, España :
Name of producer, publisher, distributor, manufacturer Elsevier España,
Date of production, publication, distribution, manufacture, or copyright notice ©2014
300 ## - PHYSICAL DESCRIPTION
Extent xiii, 754 páginas :
Other physical details ilustraciones, gráficas, fotografías (principalmente a color) ;
Dimensions 29 cm
336 ## - CONTENT TYPE
Content type term texto
Fuente rdacontent
Content type code txt
336 ## - CONTENT TYPE
Fuente rdacontent
Content type term imagen fija
Content type code sti
337 ## - MEDIA TYPE
Source rdamedia
Media type term sin medio
Media type code n
338 ## - CARRIER TYPE
Source rdacarrier
Carrier type term volumen
Carrier type code nc
650 #7 - SUBJECT ADDED ENTRY--TOPICAL TERM
Source of heading or term armarc
Topical term or geographic name entry element Ortodoncia
General subdivision Métodos
700 1# - ADDED ENTRY--PERSONAL NAME
Personal name Proffit, William R.,
Relator term autor
9 (RLIN) 5418
700 1# - ADDED ENTRY--PERSONAL NAME
Personal name Fields, Henry W.,
Relator term autor
700 1# - ADDED ENTRY--PERSONAL NAME
Personal name Sarver, David M.,
Relator term autor
700 1# - ADDED ENTRY--PERSONAL NAME
Personal name Ackerman, James L.,
Relator term autor
765 0# - ORIGINAL LANGUAGE ENTRY
Main entry heading Proffit, William R.
Title Contemporary orthodontics.
Edition Quinta edición
Place, publisher, and date of publication St. Louis Missouri : Elsevier Inc., ©2013
Record control number (Mx-PuUPA) 43917
International Standard Book Number 9780323083171
942 ## - ADDED ENTRY ELEMENTS (KOHA)
Source of classification or shelving scheme Dewey Decimal Classification
Koha item type Libro
Classification part 617.643
Item part C7418
Existencias
Withdrawn status Lost status Source of classification or shelving scheme Damaged status Not for loan Collection code Home library Current library Shelving location Date acquired Source of acquisition Cost, normal purchase price Total Checkouts Full call number Barcode Date last seen Cost, replacement price Price effective from Koha item type Copy number
    Dewey Decimal Classification     General Biblioteca Karol Wojtyla Biblioteca Karol Wojtyla Sala general 17/08/2021 1 3951.00   617.643 C7418 2014 99800 17/04/2026 3951.00 17/08/2021 Reserva permanente  
    Dewey Decimal Classification     General Biblioteca Karol Wojtyla Biblioteca Karol Wojtyla Sala general 09/09/2019       617.643 C7418 2014 99832 17/04/2026   09/09/2019 Reserva permanente Ej.2